[Event "DEM U12/U12w 2004"]
[Site "Willingen GER"]
[Date "2004.05.31"]
[Round "3"]
[White "Saak, Saskia"]
[Black "Kohm, Vanessa"]
[Result "0-1"]
[Termination "normal"]
[Board "44"]
[WhiteElo "1084"]
[BlackElo "1315"]
[PlyCount "94"]
[BlackFideId "4674472"]
[EventCountry "GER"]
[EventRounds "11"]
[EventType "swiss"]
[EventDate "2004.05.29"]

1. e4 e5 2. Nf3 Nf6 3. d4 exd4 4. e5 Ng4 5. Qxd4 d6 6. Bf4 a6 7. exd6 cxd6 8.
Nc3 Nc6 9. Qd2 Be6 10. Bd3 Nge5 11. Nxe5 dxe5 12. Be3 Bb4 13. a3 Ba5 14. O-O-O
O-O 15. h4 h6 16. Bxh6 e4 17. Qg5 Qxg5+ 18. Bxg5 exd3 19. Rxd3 f6 20. Bf4 Rad8
21. Rg3 Rd4 22. Be3 Rg4 23. Rxg4 Bxg4 24. Nd5 Rd8 25. c4 Be6 26. b4 Bxd5 27.
cxd5 Bxb4 28. axb4 Nxb4 29. h5 Kh7 30. h6 g6 31. Bd4 Nxd5 32. g4 Rc8+ 33. Kd2
Rc6 34. f3 b5 35. Kd3 Re6 36. Kd2 a5 37. Bf2 a4 38. Kc2 b4 39. Bd4 a3 40. Kb3
Ra6 41. Rh2 Rc6 42. Ka2 Nc3+ 43. Ka1 b3 44. Bxc3 Rxc3 45. Kb1 a2+ 46. Rxa2
bxa2+ 47. Kxa2 Rxf3 0-1

[Event "DEM U12/U12w 2004"]
[Site "Willingen GER"]
[Date "2004.05.31"]
[Round "3"]
[White "Prosch, Julia"]
[Black "Rummer, Bärbel"]
[Result "1/2-1/2"]
[Termination "normal"]
[Board "45"]
[WhiteElo "1300"]
[BlackElo "1054"]
[PlyCount "53"]
[BlackFideId "12900109"]
[EventCountry "GER"]
[EventRounds "11"]
[EventType "swiss"]
[EventDate "2004.05.29"]

1. e4 e5 2. Nf3 Nc6 3. d4 exd4 4. Nxd4 Bc5 5. Be3 Qf6 6. c3 Nge7 7. Nd2 d6 8.
N2b3 Bb6 9. Bb5 Bd7 10. O-O O-O 11. Bxc6 Nxc6 12. Nb5 a6 13. Bxb6 cxb6 14. Nxd6
Rab8 15. Nc4 Rbd8 16. Qh5 Rfe8 17. Rfe1 Ne5 18. Nxe5 Rxe5 19. Qf3 Qxf3 20. gxf3
Rg5+ 21. Kh1 Bh3 22. Rg1 Rxg1+ 23. Rxg1 Rd3 24. Rg3 Rd1+ 25. Rg1 Rd3 26. f4 h5
27. Rg3 1/2-1/2

[Event "DEM U12/U12w 2004"]
[Site "Willingen GER"]
[Date "2004.05.31"]
[Round "3"]
[White "Tantzen, Cedric"]
[Black "Zuyeva, Lisa"]
[Result "1-0"]
[Termination "normal"]
[Board "46"]
[WhiteElo "1266"]
[BlackElo "1028"]
[PlyCount "49"]
[WhiteFideId "24640018"]
[EventCountry "GER"]
[EventRounds "11"]
[EventType "swiss"]
[EventDate "2004.05.29"]

1. e4 e5 2. Nf3 Nc6 3. Bb5 Nf6 4. Nc3 Bc5 5. d3 h6 6. Bxc6 bxc6 7. Nxe5 O-O 8.
O-O Re8 9. Nf3 d6 10. h3 d5 11. e5 Nd7 12. d4 Bb6 13. b4 Ba6 14. Re1 Bb7 15.
Bb2 a6 16. Na4 Qe7 17. a3 a5 18. Nxb6 cxb6 19. bxa5 Rxa5 20. Qd2 c5 21. Bc3
Raa8 22. dxc5 Qxc5 23. Qd4 Qe7 24. e6 Nc5 25. Qxg7# 1-0

[Event "DEM U12/U12w 2004"]
[Site "Willingen GER"]
[Date "2004.05.31"]
[Round "3"]
[White "Oat, Daniela"]
[Black "Voss, Chantal"]
[Result "1-0"]
[Termination "normal"]
[Board "47"]
[WhiteElo "943"]
[BlackElo "1247"]
[PlyCount "89"]
[BlackFideId "4664906"]
[EventCountry "GER"]
[EventRounds "11"]
[EventType "swiss"]
[EventDate "2004.05.29"]

1. c4 e6 2. Nc3 d5 3. b3 c6 4. g3 Nf6 5. Bg2 Nbd7 6. e3 Nb6 7. cxd5 exd5 8.
Nge2 Bb4 9. Bb2 O-O 10. O-O Bg4 11. Qc2 Qd7 12. Nf4 Bd6 13. Nce2 Nh5 14. Nxh5
Bxh5 15. Qc3 f6 16. Rfe1 Rfe8 17. Qd4 Be5 18. Qh4 Bg4 19. Bxe5 Rxe5 20. Nf4 g5
21. Qh6 gxf4 22. Qxf4 Rf8 23. e4 Qe6 24. d4 Rh5 25. exd5 Qc8 26. dxc6 bxc6 27.
Bf1 Qd7 28. a4 a5 29. Re3 Nd5 30. Qe4 Nxe3 31. Qxe3 Qd5 32. Bc4 Be6 33. Bxd5
Bxd5 34. Qf4 Bxb3 35. Qf3 Bf7 36. Qxf6 Bd5 37. Qe7 Rhf5 38. Rf1 Bc4 39. Rc1 Bd5
40. f4 R5f6 41. Re1 Bb3 42. Re5 h6 43. Rh5 Bxa4 44. Rh4 Bb5 45. Rg4+ 1-0

[Event "DEM U12/U12w 2004"]
[Site "Willingen GER"]
[Date "2004.05.31"]
[Round "3"]
[White "Gremmer, Jan"]
[Black "Rau, Carla"]
[Result "1-0"]
[Termination "normal"]
[Board "48"]
[WhiteElo "1240"]
[BlackElo "929"]
[PlyCount "103"]
[EventCountry "GER"]
[EventRounds "11"]
[EventType "swiss"]
[EventDate "2004.05.29"]

1. e4 d6 2. d4 g6 3. Nf3 Bg7 4. Nc3 Nf6 5. Bb5+ Nc6 6. d5 a6 7. dxc6 axb5 8.
cxb7 Bxb7 9. Qd3 Ba6 10. Qd1 O-O 11. O-O b4 12. Ne2 Nxe4 13. Re1 Nf6 14. Be3
Ng4 15. Bd4 e5 16. h3 exd4 17. hxg4 c5 18. Ng3 Bc4 19. b3 Bd5 20. Qd3 Re8 21.
Rxe8+ Qxe8 22. Re1 Qd7 23. g5 Re8 24. Rxe8+ Qxe8 25. Kh2 Bxf3 26. Qxf3 Be5 27.
Kg1 Bxg3 28. Qxg3 Qe5 29. Qxe5 dxe5 30. Kf1 Kg7 31. Ke2 f6 32. gxf6+ Kxf6 33.
Kd3 Ke6 34. Ke4 Kf6 35. Kd5 Kf5 36. Kxc5 Ke4 37. Kxb4 d3 38. cxd3+ Kxd3 39. a4
Kd4 40. a5 Kd3 41. a6 e4 42. a7 Ke2 43. a8=Q Kxf2 44. Qxe4 g5 45. Kc3 Kg3 46.
Kd2 Kh2 47. Ke1 Kg1 48. Qf3 h5 49. g4 hxg4 50. Qxg4+ Kh1 51. Kf2 Kh2 52. Qg2#
1-0

[Event "DEM U12/U12w 2004"]
[Site "Willingen GER"]
[Date "2004.05.31"]
[Round "3"]
[White "Hoffmann, Cara"]
[Black "Jebtchouk, Dimitrij"]
[Result "0-1"]
[Termination "normal"]
[Board "49"]
[WhiteElo "922"]
[BlackElo "1235"]
[PlyCount "172"]
[EventCountry "GER"]
[EventRounds "11"]
[EventType "swiss"]
[EventDate "2004.05.29"]

1. e4 e5 2. Nf3 Nc6 3. Bb5 d6 4. d4 Bd7 5. d5 Nb4 6. Bxd7+ Qxd7 7. a3 Na6 8.
O-O Nf6 9. Re1 Nc5 10. Nc3 Qg4 11. h3 Qg6 12. Nh4 Qh5 13. Qxh5 Nxh5 14. b4 Nd7
15. Be3 Nb6 16. Nb5 Kd7 17. a4 Be7 18. Nf5 a6 19. Nc3 Nc4 20. Nxe7 Kxe7 21.
Bg5+ f6 22. Bc1 Rhf8 23. g4 Nf4 24. Bxf4 exf4 25. f3 Nd2 26. Kf2 Nb3 27. cxb3
h5 28. gxh5 Rh8 29. Rg1 Kf7 30. Rg4 Rxh5 31. h4 Rah8 32. Rxf4 Rxh4 33. Rxh4
Rxh4 34. b5 Rh2+ 35. Kg3 Rc2 36. Nd1 axb5 37. axb5 Rc5 38. Rb1 Rxb5 39. Nf2 c6
40. dxc6 bxc6 41. Nd3 c5 42. Rb2 Ke6 43. Kf4 Ke7 44. Ke3 Ke6 45. Nf4+ Ke5 46.
Ng6+ Ke6 47. Kf4 c4 48. Ke3 c3 49. Rb1 c2 50. Rc1 Rxb3+ 51. Ke2 Rb2 52. Kd2 Rb3
53. Rxc2 Rxf3 54. Ke2 Rg3 55. Nf4+ Ke5 56. Nh5 Rg2+ 57. Kd3 Rxc2 58. Kxc2 g6
59. Ng3 Kf4 60. Ne2+ Kxe4 61. Ng3+ Kf3 62. Nf1 g5 63. Nd2+ Kf4 64. Kd1 g4 65.
Ke2 f5 66. Kf2 d5 67. Nf1 d4 68. Ke2 g3 69. Nxg3 Kxg3 70. Kd3 f4 71. Kxd4 f3
72. Ke3 Kg2 73. Kd2 f2 74. Ke3 f1=Q 75. Ke4 Qc4+ 76. Ke5 Qd3 77. Kf6 Qe4 78.
Kg5 Qf3 79. Kg6 Kg3 80. Kg5 Qf4+ 81. Kg6 Kg4 82. Kg7 Kg5 83. Kh7 Qf6 84. Kg8
Qe7 85. Kh8 Kg6 86. Kg8 Qg7# 0-1

[Event "DEM U12/U12w 2004"]
[Site "Willingen GER"]
[Date "2004.05.31"]
[Round "3"]
[White "Pantusenko, Valeria"]
[Black "Thiele, Eileen"]
[Result "1-0"]
[Termination "normal"]
[Board "50"]
[WhiteElo "1217"]
[BlackElo "894"]
[PlyCount "99"]
[WhiteFideId "4662920"]
[EventCountry "GER"]
[EventRounds "11"]
[EventType "swiss"]
[EventDate "2004.05.29"]

1. e4 e5 2. Nf3 Nc6 3. Bc4 Bc5 4. c3 Nf6 5. d4 exd4 6. cxd4 Bb4+ 7. Nc3 d6 8.
O-O Bg4 9. Qb3 O-O 10. Ng5 Qe7 11. d5 Bxc3 12. dxc6 Ba5 13. f3 Bb6+ 14. Kh1 Bh5
15. cxb7 Rab8 16. Bd5 Nxd5 17. Qxd5 h6 18. Nh3 Qh4 19. Bd2 Rfe8 20. Nf4 Re5 21.
Qc6 Rc5 22. Qd7 Qd8 23. Qxd8+ Rxd8 24. Nxh5 Rxh5 25. Rac1 Rb8 26. g4 Rh4 27.
Be1 Rh3 28. Kg2 Rxh2+ 29. Kxh2 Rxb7 30. Bf2 Ba5 31. b3 Bd2 32. Rc2 Bf4+ 33. Bg3
Be3 34. e5 dxe5 35. Bxe5 Bb6 36. b4 f6 37. Bg3 a5 38. a3 axb4 39. axb4 Kh7 40.
Rfc1 Be3 41. Re1 Bd4 42. Rxc7 Rxb4 43. Ree7 Rb2+ 44. Kh3 Rb8 45. Rxg7+ Kh8 46.
Rh7+ Kg8 47. Rcg7+ Kf8 48. Bxb8 f5 49. Bd6+ Ke8 50. Rh8# 1-0

[Event "DEM U12/U12w 2004"]
[Site "Willingen GER"]
[Date "2004.05.31"]
[Round "3"]
[White "Kroner, Sarah"]
[Black "Knöchel, Sarah"]
[Result "0-1"]
[Termination "normal"]
[Board "51"]
[WhiteElo "889"]
[BlackElo "1211"]
[PlyCount "90"]
[EventCountry "GER"]
[EventRounds "11"]
[EventType "swiss"]
[EventDate "2004.05.29"]

1. e4 e5 2. Nf3 Nc6 3. Bc4 Nf6 4. Nc3 Bc5 5. d3 h6 6. O-O O-O 7. Nh4 d6 8. Qf3
Kh7 9. Nf5 Bxf5 10. Qxf5+ Kh8 11. Be3 Bb6 12. Qh3 Qd7 13. Qh4 Qg4 14. Qg3 Qxg3
15. fxg3 Bxe3+ 16. Kh1 Kg8 17. Rf3 Bd4 18. Nd5 Nxd5 19. Bxd5 Nb4 20. Bc4 Nxc2
21. Raf1 Ne3 22. Bxf7+ Rxf7 23. Rxf7 Nxf1 24. Rxf1 Rf8 25. Rxf8+ Kxf8 26. b3 a5
27. h4 c6 28. g4 Kf7 29. g5 hxg5 30. hxg5 Be3 31. g6+ Kxg6 32. Kh2 d5 33. exd5
cxd5 34. g4 b5 35. a3 Bc5 36. a4 bxa4 37. bxa4 Kg5 38. Kh3 Kf4 39. Kh4 e4 40.
d4 e3 41. g5 Bxd4 42. Kh5 Kf5 43. Kh4 e2 44. Kh5 e1=Q 45. g6 Qh1# 0-1